[Event "Plzen A1 12th"]
[Site "Plzen"]
[Date "2024.02.20"]
[Round "4"]
[White "Gorkiewicz, Mateusz"]
[Black "Nguyen, Alex Dac Vuong"]
[Result "0-1"]
[WhiteElo "2184"]
[BlackElo "2370"]
[PlyCount "92"]
[EventDate "2024.02.17"]
[EventType "tourn"]
[EventRounds "9"]
[EventCountry "CZE"]
[EventCategory "1"]
[SourceTitle "CB09_2024"]
[SourceDate "2024.02.28"]
[SourceVersion "1"]
[SourceVersionDate "2024.02.28"]
[SourceQuality "1"]

1. e4 c5 2. Nf3 d6 3. d4 Nf6 4. dxc5 Nxe4 5. cxd6 Nc6 6. dxe7 Qxd1+ 7. Kxd1 Bxe7 8. Be3 0-0 9. Kc1 Bf5 10. a3 Nf6 11. Bd3 Bxd3 12. cxd3 Ng4 13. Nc3 f5 14. g3 f4 15. gxf4 Nxf2 16. Bxf2 Rxf4 17. Kd2 Rxf3 18. Ke2 Raf8 19. Rhf1 Rh3 20. Bg1 Bd6 21. Rxf8+ Kxf8 22. Rf1+ Ke8 23. Rf3 Rh5 24. h3 Ne5 25. Rg3 Ng6 26. Re3+ Kd7 27. Rf3 Nf4+ 28. Kd2 Rxh3 29. Rxh3 Nxh3 30. Bxa7 g5 31. Ne4 Be5 32. b4 g4 33. Ke2 Nf4+ 34. Ke3 Nd5+ 35. Ke2 Kc6 36. Bc5 b5 37. d4 Bf4 38. Nf2 h5 39. Nd3 Nc3+ 40. Kf1 Bc7 41. Kg2 Kd5 42. Nf2 Ne4 43. Nd1 Bf4 44. Nb2 h4 45. Nd3 h3+ 46. Kf1 Be3 0-1

[Event "Plzen A1 12th"]
[Site "Plzen"]
[Date "2024.02.19"]
[Round "3"]
[White "Michalek, Jan"]
[Black "Nguyen, Alex Dac Vuong"]
[Result "1/2-1/2"]
[WhiteElo "2247"]
[BlackElo "2370"]
[PlyCount "132"]
[EventDate "2024.02.17"]
[EventType "tourn"]
[EventRounds "9"]
[EventCountry "CZE"]
[EventCategory "1"]
[SourceTitle "CB09_2024"]
[SourceDate "2024.02.28"]
[SourceVersion "1"]
[SourceVersionDate "2024.02.28"]
[SourceQuality "1"]

1. e4 c5 2. Nf3 e6 3. c4 Nc6 4. Nc3 Nf6 5. Be2 d5 6. exd5 exd5 7. cxd5 Nxd5 8. 0-0 Be7 9. d4 Nxc3 10. bxc3 cxd4 11. cxd4 Qd5 12. Be3 0-0 13. Qd2 Bf5 14. Qb2 Rfd8 15. Rfd1 Be4 16. Ne5 Nxe5 17. dxe5 Qa5 18. Bc4 Rac8 19. Qb3 Qxe5 20. Bxf7+ Kh8 21. Qe6 Bd6 22. f4 Qxe6 23. Bxe6 Rc2 24. Rac1 Rxg2+ 25. Kf1 Rc2 26. Rxc2 Bxc2 27. Rd2 Ba4 28. Bc5 Bc7 29. Rxd8+ Bxd8 30. Bxa7 Bc7 31. Be3 h5 32. h3 Kh7 33. Kf2 Kg6 34. Bc8 Bc6 35. Be6 Kf6 36. Bc8 Bd5 37. a3 Bc6 38. Bd4+ Kf7 39. Ke3 Bd6 40. a4 Bc7 41. f5 Bd5 42. Bd7 Bd6 43. Bb5 Bg2 44. Bc4+ Kf8 45. f6 gxf6 46. Bxf6 Bxh3 47. a5 Bc8 48. Bd5 Bc7 49. Bf3 Kf7 50. Bd4 h4 51. Bb6 Be5 52. Kf2 Ke7 53. Kg2 Kd6 54. Be4 Bc3 55. Bf2 h3+ 56. Kh2 Be5+ 57. Bg3 Bxg3+ 58. Kxg3 Kc7 59. Bd3 Be6 60. Be4 Bd7 61. Bd3 Kb8 62. Bc4 Kc8 63. Bd3 Kc7 64. Be2 Kd6 65. a6 bxa6 66. Bxa6 h2 1/2-1/2

[Event "Plzen A1 12th"]
[Site "Plzen"]
[Date "2024.02.18"]
[Round "2"]
[White "Nguyen, Alex Dac Vuong"]
[Black "Kulon, Klaudia"]
[Result "1-0"]
[WhiteElo "2370"]
[BlackElo "2327"]
[PlyCount "65"]
[EventDate "2024.02.17"]
[EventType "tourn"]
[EventRounds "9"]
[EventCountry "CZE"]
[EventCategory "1"]
[SourceTitle "CB09_2024"]
[SourceDate "2024.02.28"]
[SourceVersion "1"]
[SourceVersionDate "2024.02.28"]
[SourceQuality "1"]

1. e4 c5 2. Nf3 d6 3. d4 cxd4 4. Nxd4 Nf6 5. Nc3 Nc6 6. Bg5 e6 7. Qd2 a6 8. 0-0-0 Bd7 9. f3 Be7 10. h4 Nxd4 11. Qxd4 b5 12. Kb1 Qc7 13. Qd2 b4 14. Ne2 a5 15. g4 h5 16. gxh5 Nxh5 17. Bg2 Rc8 18. Rc1 Bf6 19. Rhd1 Bb5 20. Nd4 Ba4 21. Bf1 Rb8 22. Bh3 Bxg5 23. hxg5 g6 24. Bg4 Ke7 25. f4 e5 26. Ne2 Bc6 27. Qe3 Bb5 28. c4 Bc6 29. c5 Rbd8 30. cxd6+ Rxd6 31. Rxd6 Qxd6 32. fxe5 Qxe5 33. Rxc6 1-0

[Event "Marianske Lazne GM-A2 22nd"]
[Site "Marianske Lazne"]
[Date "2024.01.19"]
[Round "8"]
[White "Raczek, Krzysztof"]
[Black "Nguyen, Alex Dac Vuong"]
[Result "1/2-1/2"]
[WhiteElo "2347"]
[BlackElo "2347"]
[PlyCount "120"]
[EventDate "2024.01.13"]
[EventType "tourn"]
[EventRounds "9"]
[EventCountry "CZE"]
[EventCategory "6"]
[SourceTitle "CB04_2024"]
[SourceDate "2023.10.16"]
[SourceVersion "1"]
[SourceVersionDate "2023.10.16"]
[SourceQuality "1"]

1. c4 c5 2. Nc3 Nf6 3. Nf3 Nc6 4. d4 cxd4 5. Nxd4 e6 6. Bf4 d5 7. Nxc6 bxc6 8. cxd5 exd5 9. e3 Be7 10. Bd3 0-0 11. 0-0 Be6 12. Rc1 c5 13. Qa4 Qb6 14. Be5 Rfd8 15. Qh4 h6 16. Na4 Qa5 17. Bc3 Qc7 18. Nxc5 Qxc5 19. Bxf6 Bxf6 20. Qxf6 Qxc1 21. Qxd8+ Rxd8 22. Rxc1 d4 23. e4 Bxa2 24. Ra1 Be6 25. Rxa7 Rb8 26. Ra4 Rxb2 27. Rxd4 g5 28. Kf1 Kg7 29. Be2 Kf6 30. f3 Ke5 31. Ra4 h5 32. Kf2 h4 33. Ke3 Rb3+ 34. Bd3 Rb2 35. Ra5+ Kf6 36. Be2 Rb3+ 37. Kf2 Rb2 38. Rc5 Rb1 39. Bd3 Rb2+ 40. Rc2 Rxc2+ 41. Bxc2 Ke5 42. Ke3 f6 43. g3 hxg3 44. hxg3 Bc4 45. f4+ gxf4+ 46. gxf4+ Ke6 47. Kf3 Kf7 48. Kg4 Kg6 49. Kg3 Kg7 50. Bd1 Bf7 51. Bg4 Bg6 52. Kf3 Kf8 53. Bc8 Bh5+ 54. Kg3 Kg7 55. Bb7 Bd1 56. Bd5 Bh5 57. Bb3 Be2 58. Kf2 Bg4 59. Ke3 Kf8 60. Kd4 Ke7 1/2-1/2

[Event "Marianske Lazne GM-A2 22nd"]
[Site "Marianske Lazne"]
[Date "2024.01.15"]
[Round "3"]
[White "Nguyen, Alex Dac Vuong"]
[Black "Besou, Hussain"]
[Result "1-0"]
[WhiteElo "2347"]
[BlackElo "2277"]
[PlyCount "85"]
[EventDate "2024.01.13"]
[EventType "tourn"]
[EventRounds "9"]
[EventCountry "CZE"]
[EventCategory "6"]
[SourceTitle "CB04_2024"]
[SourceDate "2023.10.16"]
[SourceVersion "1"]
[SourceVersionDate "2023.10.16"]
[SourceQuality "1"]

1. c4 e6 2. g3 d5 3. Bg2 d4 4. Nf3 c5 5. e3 Nc6 6. 0-0 Nf6 7. d3 Bd6 8. Na3 0-0 9. exd4 cxd4 10. Re1 Re8 11. Nb5 Bb8 12. c5 h6 13. Nd2 a6 14. Qa4 Ne5 15. Qa3 Nxd3 16. Qxd3 axb5 17. Qxb5 Ra7 18. Nc4 Bc7 19. Ne5 Nd7 20. Nd3 b6 21. b4 bxc5 22. Nxc5 Nxc5 23. Qxc5 Bb6 24. Qc4 Rc7 25. Qb5 Rc2 26. Be4 Bd7 27. Qf1 Rc8 28. a4 Qf6 29. a5 Ba7 30. b5 d3 31. Rb1 Bd4 32. Bxd3 Bc3 33. a6 Bxe1 34. Qxe1 Qd4 35. Bf1 Rb8 36. Be3 Qe4 37. Rb4 Qe5 38. a7 Rb7 39. Qb1 Ra8 40. Bd4 Qd6 41. Bg2 Qc7 42. b6 Qc8 43. Rc4 1-0

[Event "Marianske Lazne GM-A2 22nd"]
[Site "Marianske Lazne"]
[Date "2024.01.14"]
[Round "2"]
[White "Can, Isik"]
[Black "Nguyen, Alex Dac Vuong"]
[Result "1/2-1/2"]
[WhiteElo "2500"]
[BlackElo "2347"]
[PlyCount "102"]
[EventDate "2024.01.13"]
[EventType "tourn"]
[EventRounds "9"]
[EventCountry "CZE"]
[EventCategory "6"]
[SourceTitle "CB04_2024"]
[SourceDate "2023.10.16"]
[SourceVersion "1"]
[SourceVersionDate "2023.10.16"]
[SourceQuality "1"]

1. e4 c6 2. d4 d5 3. Nd2 dxe4 4. Nxe4 Bf5 5. Ng3 Bg6 6. h4 h6 7. Nf3 Nd7 8. h5 Bh7 9. Bd3 Bxd3 10. Qxd3 e6 11. Bd2 Ngf6 12. 0-0-0 Be7 13. Ne4 Nxe4 14. Qxe4 Nf6 15. Qe2 Qd5 16. c4 Qe4 17. Qxe4 Nxe4 18. Be3 f5 19. Rhe1 0-0 20. Kc2 Rad8 21. Re2 Rfe8 22. a4 c5 23. dxc5 Rxd1 24. Kxd1 Bxc5 25. Bxc5 Nxc5 26. a5 Ne4 27. Kc2 Rc8 28. Nd2 Nxd2 29. Kxd2 Rxc4 30. Rxe6 Rc5 31. a6 bxa6 32. Rxa6 f4 33. Rxa7 Rxh5 34. b4 Rg5 35. Kc3 Kf8 36. f3 Ke8 37. Ra2 Kd7 38. Kd4 Rb5 39. Ra7+ Kd6 40. Ra6+ Ke7 41. Kc4 Rg5 42. Ra2 Kd6 43. Rc2 Kc6 44. Kd4+ Kb5 45. Rb2 Rg3 46. Ke5 g5 47. Kf6 h5 48. Kf5 h4 49. Ke4 h3 50. gxh3 Rxh3 51. Rg2 Rg3 1/2-1/2

[Event "Staufer op 34th"]
[Site "Schwaebisch Gmuend"]
[Date "2024.01.05"]
[Round "7"]
[White "Biedenkopf, Philipp"]
[Black "Nguyen, Alex Dac Vuong"]
[Result "0-1"]
[WhiteElo "2050"]
[BlackElo "2347"]
[PlyCount "70"]
[EventDate "2024.01.02"]
[EventType "swiss"]
[EventRounds "9"]
[EventCountry "GER"]
[SourceTitle "CB02_2024"]
[SourceDate "2024.01.10"]
[SourceVersion "1"]
[SourceVersionDate "2024.01.10"]
[SourceQuality "1"]

1. c4 Nf6 2. Nf3 c5 3. Nc3 Nc6 4. g3 d5 5. cxd5 Nxd5 6. Bg2 Nc7 7. 0-0 e5 8. a3 Rb8 9. Rb1 f6 10. b4 Bd7 11. bxc5 Bxc5 12. e3 Bf5 13. e4 Be6 14. d3 0-0 15. Na4 Be7 16. Be3 Bxa3 17. Bc5 Bxc5 18. Nxc5 Bc8 19. Qa4 Qd6 20. Rfc1 Ne6 21. Qc4 Qxc5 22. Qxc5 Nxc5 23. Rxc5 Bg4 24. Nd2 Rfc8 25. Nc4 b6 26. Rd5 Rd8 27. f4 Be6 28. fxe5 Bxd5 29. exd5 Nxe5 30. Nxe5 fxe5 31. Bh3 Kf8 32. Be6 Ke7 33. Rc1 Rb7 34. Bc8 Rxc8 35. Rxc8 Kd6 0-1

[Event "Staufer op 34th"]
[Site "Schwaebisch Gmuend"]
[Date "2024.01.04"]
[Round "5"]
[White "Ohler, Julius"]
[Black "Nguyen, Alex Dac Vuong"]
[Result "1-0"]
[WhiteElo "2213"]
[BlackElo "2347"]
[PlyCount "59"]
[EventDate "2024.01.02"]
[EventType "swiss"]
[EventRounds "9"]
[EventCountry "GER"]
[SourceTitle "CB02_2024"]
[SourceDate "2024.01.10"]
[SourceVersion "1"]
[SourceVersionDate "2024.01.10"]
[SourceQuality "1"]

1. d4 Nf6 2. Bg5 e6 3. Nf3 h6 4. Bh4 g5 5. Bg3 d6 6. e3 Bg7 7. Bd3 Nh5 8. Nbd2 Nd7 9. c3 a6 10. Nf1 f5 11. N3d2 Nhf6 12. h4 Qe7 13. hxg5 hxg5 14. Rxh8+ Bxh8 15. Qe2 Nb6 16. f4 g4 17. e4 d5 18. exf5 exf5 19. Qxe7+ Kxe7 20. Bh4 Kf7 21. Bxf6 Kxf6 22. 0-0-0 Bg7 23. g3 Be6 24. Nb3 Nc8 25. Nc5 Nd6 26. Re1 Re8 27. Ne3 a5 28. Nxe6 Kxe6 29. Nxf5+ Kf7 30. Nxd6+ 1-0

[Event "Staufer op 34th"]
[Site "Schwaebisch Gmuend"]
[Date "2024.01.03"]
[Round "4"]
[White "Nguyen, Alex Dac Vuong"]
[Black "Strathmann, Sascha"]
[Result "1-0"]
[WhiteElo "2347"]
[BlackElo "2132"]
[PlyCount "67"]
[EventDate "2024.01.02"]
[EventType "swiss"]
[EventRounds "9"]
[EventCountry "GER"]
[SourceTitle "CB02_2024"]
[SourceDate "2024.01.10"]
[SourceVersion "1"]
[SourceVersionDate "2024.01.10"]
[SourceQuality "1"]

1. e4 c5 2. Nf3 Nc6 3. Bb5 e6 4. 0-0 Nf6 5. Re1 a6 6. Bxc6 dxc6 7. d3 b5 8. Nc3 Qc7 9. e5 Nd5 10. Ne4 Be7 11. c4 Nb6 12. Bg5 Bb7 13. Bxe7 Kxe7 14. Nxc5 Rhd8 15. Qc1 h6 16. Qf4 Na4 17. Nxa4 bxa4 18. c5 Rxd3 19. Rad1 Rad8 20. Rxd3 Rxd3 21. Qh4+ Ke8 22. Qxa4 a5 23. h4 Rd5 24. Qg4 Kf8 25. Qc4 Qc8 26. Re4 Ba6 27. Qc3 Qc7 28. Ra4 Bb5 29. Rxa5 g5 30. Ra8+ Kg7 31. hxg5 hxg5 32. Qe3 Qe7 33. Nd4 Rd7 34. a4 1-0

[Event "Bayern-chI Bank Hofmann 26th"]
[Site "Tegernsee"]
[Date "2023.11.03"]
[Round "7"]
[White "Nguyen, Alex Dac Vuong"]
[Black "Basener, Winfried"]
[Result "1-0"]
[WhiteElo "2333"]
[BlackElo "1941"]
[PlyCount "107"]
[EventDate "2023.10.28"]
[EventType "swiss"]
[EventRounds "9"]
[EventCountry "GER"]
[SourceTitle "Mega2024 Update 01"]
[Source "Chessbase"]
[SourceDate "2023.11.12"]
[SourceVersion "1"]
[SourceVersionDate "2023.11.12"]
[SourceQuality "1"]

1. e4 e6 2. d4 d5 3. Nd2 Nf6 4. e5 Nfd7 5. c3 c5 6. Bd3 Nc6 7. Ne2 cxd4 8. cxd4 f6 9. exf6 Nxf6 10. 0-0 Bd6 11. Nf3 Qc7 12. Bg5 0-0 13. Bh4 Nh5 14. Rc1 Rxf3 15. gxf3 Bxh2+ 16. Kg2 Bd6 17. Rh1 g6 18. Bg3 Nxg3 19. fxg3 Qf7 20. f4 Qf6 21. Qd2 Bd7 22. Bb5 Rf8 23. Ng1 Nb8 24. Bxd7 Nxd7 25. Nf3 Re8 26. Ng5 Nf8 27. Rce1 Rc8 28. Re3 Qf5 29. Rc1 Rxc1 30. Qxc1 h6 31. Nf3 h5 32. Re1 g5 33. Nxg5 h4 34. Nf3 hxg3 35. Ne5 Ng6 36. Nxg6 Qxg6 37. Qc8+ Kf7 38. Qd7+ Be7 39. f5 Qh6 40. Qxe6+ Qxe6 41. fxe6+ Ke8 42. Re5 Bf6 43. Rxd5 Ke7 44. Rd7+ Kxe6 45. Rxb7 Bxd4 46. Kxg3 Kd6 47. Kf3 Kc6 48. Rb3 Bb6 49. Ke4 a5 50. Kd3 a4 51. Rxb6+ Kxb6 52. Kc4 a3 53. b3 Ka5 54. Kc5 1-0

[Event "Bayern-chI Bank Hofmann 26th"]
[Site "Tegernsee"]
[Date "2023.10.28"]
[Round "1"]
[White "Holgert, Michael"]
[Black "Nguyen, Alex Dac Vuong"]
[Result "0-1"]
[WhiteElo "2051"]
[BlackElo "2333"]
[PlyCount "74"]
[EventDate "2023.10.28"]
[EventType "swiss"]
[EventRounds "9"]
[EventCountry "GER"]
[SourceTitle "Mega2024 Update 01"]
[Source "Chessbase"]
[SourceDate "2023.11.12"]
[SourceVersion "1"]
[SourceVersionDate "2023.11.12"]
[SourceQuality "1"]

1. d4 Nf6 2. Nf3 d5 3. Bf4 c5 4. e3 Nc6 5. Nbd2 Qb6 6. dxc5 Qxb2 7. c4 Bf5 8. Qc1 Qxc1+ 9. Rxc1 h6 10. Nd4 Bd7 11. Nb5 0-0-0 12. Bc7 Re8 13. Bg3 e5 14. cxd5 Nxd5 15. Nc4 Kb8 16. Nbd6 Bxd6 17. Nxd6 Re7 18. Bc4 Be6 19. 0-0 Nc7 20. Rb1 Bxc4 21. Nxc4 h5 22. f3 h4 23. Bf2 h3 24. g4 Ne6 25. Nd6 Rd8 26. Rfc1 Ng5 27. f4 Nf3+ 28. Kh1 g6 29. Bg3 Ka8 30. Rf1 exf4 31. Rxf3 fxg3 32. Rxg3 b6 33. Rxh3 bxc5 34. Nb5 Rb7 35. e4 Rdb8 36. Rhb3 c4 37. R3b2 c3 0-1

[Event "GER-chT Lands U20"]
[Site "Hannover"]
[Date "2023.10.03"]
[Round "4"]
[White "Haubold, Sebastian Marcel"]
[Black "Nguyen, Alex Dac Vuong"]
[Result "0-1"]
[WhiteElo "2108"]
[BlackElo "2333"]
[PlyCount "96"]
[EventDate "2023.10.01"]
[EventType "team-swiss"]
[EventRounds "7"]
[EventCountry "GER"]
[SourceTitle "EXT 2024"]
[Source "ChessBase"]
[SourceDate "2023.10.10"]
[SourceVersion "1"]
[SourceVersionDate "2023.10.10"]
[SourceQuality "1"]

1. e4 c6 2. d4 d5 3. exd5 cxd5 4. Bd3 Nc6 5. c3 Nf6 6. Bg5 Bg4 7. Ne2 e6 8. Qc2 Bd6 9. h3 Bh5 10. Nf4 Bg6 11. Nxg6 hxg6 12. Nd2 Qc7 13. Nf3 a6 14. a4 Nh5 15. 0-0 Nf4 16. Rfe1 Nxd3 17. Qxd3 Na5 18. Re2 Qc4 19. Qc2 Kd7 20. b4 Nc6 21. Rae1 Na7 22. Rxe6 fxe6 23. Qxg6 Rae8 24. Qf7+ Kc8 25. Rxe6 Ref8 26. Qxg7 Qc7 27. Qxc7+ Bxc7 28. Ne5 Re8 29. Rxe8+ Rxe8 30. f4 Nc6 31. Kf2 Bxe5 32. dxe5 d4 33. b5 axb5 34. axb5 Nxe5 35. cxd4 Nf7 36. Bf6 Kd7 37. g4 Ke6 38. Be5 Kd5 39. Kf3 Ra8 40. g5 Ra1 41. h4 Nxe5+ 42. dxe5 Rf1+ 43. Kg4 Ke4 44. g6 Rg1+ 45. Kh5 Kf5 46. b6 Rxg6 47. e6 Rf6 48. e7 Re6 0-1

[Event "GER-chT Lands U20"]
[Site "Hannover"]
[Date "2023.10.02"]
[Round "3"]
[White "Nguyen, Alex Dac Vuong"]
[Black "Besou, Hussain"]
[Result "1/2-1/2"]
[WhiteElo "2333"]
[BlackElo "2364"]
[PlyCount "91"]
[EventDate "2023.10.01"]
[EventType "team-swiss"]
[EventRounds "7"]
[EventCountry "GER"]
[SourceTitle "EXT 2024"]
[Source "ChessBase"]
[SourceDate "2023.10.10"]
[SourceVersion "1"]
[SourceVersionDate "2023.10.10"]
[SourceQuality "1"]

1. Nf3 d5 2. g3 Nf6 3. Bg2 e6 4. 0-0 Be7 5. c4 0-0 6. d4 c6 7. Qc2 b6 8. Rd1 Nbd7 9. b3 Bb7 10. Nc3 Rc8 11. e4 dxe4 12. Nxe4 Nxe4 13. Qxe4 Nf6 14. Qc2 Qc7 15. Bf4 Bd6 16. Bxd6 Qxd6 17. c5 Qc7 18. Ne5 Rfd8 19. Nc4 bxc5 20. dxc5 Nd5 21. Nd6 Rb8 22. Qd2 a5 23. a3 Bc8 24. Rab1 Bd7 25. Nc4 Rb5 26. b4 axb4 27. axb4 Rbb8 28. Rdc1 Bc8 29. Nd6 Bd7 30. Rb2 Ra8 31. Bxd5 exd5 32. Ra2 Rxa2 33. Qxa2 Bh3 34. Qe2 Qd7 35. f3 Qa7 36. Re1 h6 37. Qb2 Rb8 38. Re8+ Rxe8 39. Nxe8 f6 40. Kf2 Qa6 41. Qe2 Qa1 42. g4 Qd4+ 43. Qe3 Qb2+ 44. Qe2 Qd4+ 45. Qe3 Qb2+ 46. Qe2 1/2-1/2

[Event "Dortmund Sparkassen op 50th"]
[Site "Dortmund"]
[Date "2023.07.01"]
[Round "8"]
[White "Nguyen, Alex Dac Vuong"]
[Black "Pranav, Anand"]
[Result "0-1"]
[WhiteElo "2335"]
[BlackElo "2510"]
[PlyCount "94"]
[EventDate "2023.06.24"]
[EventType "swiss"]
[EventRounds "9"]
[EventCountry "GER"]
[SourceTitle "CBM 215 Extra"]
[Source "ChessBase"]
[SourceDate "2023.09.30"]
[SourceVersion "1"]
[SourceVersionDate "2023.09.30"]
[SourceQuality "1"]

1. e4 c5 2. Nf3 Nc6 3. Bb5 e6 4. Bxc6 bxc6 5. d3 Qc7 6. Nbd2 e5 7. 0-0 Ne7 8. c3 Ba6 9. Nc4 Ng6 10. h4 h5 11. Re1 Be7 12. g3 Bxc4 13. dxc4 Nf8 14. Bg5 f6 15. Bd2 a5 16. b3 Ne6 17. a3 g6 18. Qe2 0-0 19. Nh2 f5 20. Bh6 Rf7 21. exf5 Rxf5 22. Rad1 Kh7 23. Bc1 d6 24. Qd2 Bf8 25. f4 Rd8 26. fxe5 d5 27. Qe2 Qb8 28. Nf3 Qxb3 29. Ng5+ Nxg5 30. Bxg5 Re8 31. Qd3 Bg7 32. cxd5 c4 33. Qd2 cxd5 34. Rb1 Rfxe5 35. Rf1 Qxa3 36. Rb7 Qc5+ 37. Qd4 Qxd4+ 38. cxd4 Re1 39. Bf6 Rxf1+ 40. Kxf1 Rf8 41. Rxg7+ Kh6 42. Ke2 Rxf6 43. Rd7 a4 44. Rxd5 Ra6 45. Rb5 a3 46. Rb1 a2 47. Ra1 Ra3 0-1

[Event "BL2-Ost 2223"]
[Site "Germany"]
[Date "2023.03.19"]
[Round "10.2"]
[White "Votava, Jan"]
[Black "Nguyen, Alex Dac Vuong"]
[Result "1-0"]
[WhiteElo "2474"]
[BlackElo "2311"]
[PlyCount "105"]
[EventDate "2022.10.22"]
[EventType "team-tourn"]
[EventRounds "10"]
[EventCountry "GER"]
[SourceTitle "EXT 2024"]
[Source "ChessBase"]
[SourceDate "2023.10.10"]
[SourceVersion "1"]
[SourceVersionDate "2023.10.10"]
[SourceQuality "1"]
[WhiteTeam "Erfurt"]
[BlackTeam "Leipzig SG"]
[WhiteTeamCountry "GER"]
[BlackTeamCountry "GER"]

1. d4 Nf6 2. c4 e6 3. Nf3 d5 4. g3 Bb4+ 5. Bd2 Be7 6. Qc2 0-0 7. Bg2 Nbd7 8. 0-0 c6 9. b3 b6 10. Bc3 Bb7 11. Nbd2 Rc8 12. e4 c5 13. e5 Ne8 14. Qb2 Qc7 15. a4 Qb8 16. Rfd1 Nc7 17. h4 Rfd8 18. Ne1 dxc4 19. Bxb7 Qxb7 20. bxc4 cxd4 21. Bxd4 Nc5 22. a5 bxa5 23. Qxb7 Nxb7 24. Bxa7 Bb4 25. Ne4 Na6 26. Rxd8+ Rxd8 27. Nc2 Bf8 28. Bb6 Rc8 29. Ne3 Bb4 30. Nd6 Nxd6 31. exd6 Bxd6 32. Rxa5 Nc5 33. Kg2 f5 34. Ra7 Nb3 35. Rd7 Rc6 36. Ba7 Nc5 37. Rxd6 Rxd6 38. Bxc5 Rd3 39. f4 Kf7 40. Kf3 h6 41. Ke2 Rb3 42. Kd2 g5 43. Kc2 Rb7 44. Bd6 gxh4 45. gxh4 Ke8 46. c5 Rb4 47. Kc3 Re4 48. Nc4 Kd7 49. Ne5+ Kc8 50. c6 Re1 51. Nc4 Rc1+ 52. Kd4 Rb1 53. Ke5 1-0

[Event "BL2-Ost 2223"]
[Site "Germany"]
[Date "2023.03.18"]
[Round "9.2"]
[White "Nguyen, Alex Dac Vuong"]
[Black "Yelisieiev, Yevhenii"]
[Result "1-0"]
[WhiteElo "2311"]
[BlackElo "2398"]
[PlyCount "111"]
[EventDate "2022.10.22"]
[EventType "team-tourn"]
[EventRounds "10"]
[EventCountry "GER"]
[SourceTitle "EXT 2024"]
[Source "ChessBase"]
[SourceDate "2023.10.10"]
[SourceVersion "1"]
[SourceVersionDate "2023.10.10"]
[SourceQuality "1"]
[WhiteTeam "Leipzig SG"]
[BlackTeam "Nuernberg NT"]
[WhiteTeamCountry "GER"]
[BlackTeamCountry "GER"]

1. e4 d6 2. d4 Nf6 3. Nc3 e5 4. dxe5 dxe5 5. Qxd8+ Kxd8 6. Bc4 Ke8 7. Nf3 Bd6 8. h3 a6 9. Be3 b5 10. Bd3 Bb7 11. Nd2 Nbd7 12. a4 b4 13. Nd1 Nc5 14. f3 Nh5 15. Nc4 Nxd3+ 16. cxd3 Nf4 17. Bxf4 exf4 18. d4 Be7 19. Nf2 Rd8 20. 0-0-0 f5 21. Rhe1 Rf8 22. Ne5 Rf6 23. Kc2 Kf8 24. Kb3 fxe4 25. fxe4 a5 26. d5 h5 27. Nfd3 Kg8 28. Rc1 Bd6 29. Nc4 f3 30. e5 Bxe5 31. Ncxe5 Bxd5+ 32. Kc2 f2 33. Rf1 Be4 34. Rcd1 c5 35. Rd2 c4 36. Nxc4 Rxd3 37. Rxd3 Bxg2 38. Ne3 Bxh3 39. Rh1 f1Q 40. Nxf1 Bxf1 41. Rd8+ Kf7 42. Rxh5 Rf2+ 43. Rd2 Rf3 44. Rd7+ Kf6 45. Rxa5 Bh3 46. Rd6+ Kf7 47. Rb6 b3+ 48. Kd2 Rf2+ 49. Kc3 Rf3+ 50. Kb4 Re3 51. Ra7+ Kg8 52. Rg6 Re4+ 53. Ka3 Be6 54. Re7 Bf7 55. Rxg7+ Kxg7 56. Rxe4 1-0

[Event "BL2-Ost 2223"]
[Site "Germany"]
[Date "2023.02.05"]
[Round "6.2"]
[White "Fedorovsky, Michael"]
[Black "Nguyen, Alex Dac Vuong"]
[Result "1/2-1/2"]
[WhiteElo "2410"]
[BlackElo "2311"]
[PlyCount "26"]
[EventDate "2022.10.22"]
[EventType "team-tourn"]
[EventRounds "10"]
[EventCountry "GER"]
[SourceTitle "EXT 2024"]
[Source "ChessBase"]
[SourceDate "2023.10.10"]
[SourceVersion "1"]
[SourceVersionDate "2023.10.10"]
[SourceQuality "1"]
[WhiteTeam "Bayern Muenchen II"]
[BlackTeam "Leipzig SG"]
[WhiteTeamCountry "GER"]
[BlackTeamCountry "GER"]

1. d4 Nf6 2. c4 e6 3. Nf3 d5 4. g3 Bb4+ 5. Bd2 Be7 6. Bg2 0-0 7. 0-0 Nbd7 8. Qc2 c6 9. a4 a5 10. Rc1 Ne4 11. Be1 f5 12. Nc3 Bd6 13. e3 Qf6 1/2-1/2

[Event "GER-chT U20"]
[Site "Muenster"]
[Date "2022.12.28"]
[Round "3"]
[White "Nguyen, Alex Dac Vuong"]
[Black "Runte, Moritz"]
[Result "1-0"]
[WhiteElo "2310"]
[BlackElo "2187"]
[PlyCount "123"]
[EventDate "2022.12.26"]
[EventType "team-swiss"]
[EventRounds "7"]
[EventCountry "GER"]
[SourceTitle "CBM 212 Extra"]
[Source "ChessBase"]
[SourceDate "2023.03.31"]
[SourceVersion "1"]
[SourceVersionDate "2023.03.31"]
[SourceQuality "1"]
[WhiteTeam "Leipzig SG"]
[BlackTeam "Hemer"]
[WhiteTeamCountry "GER"]
[BlackTeamCountry "GER"]

1. c4 c6 2. e4 d5 3. exd5 cxd5 4. d4 Nf6 5. Nc3 g6 6. Qb3 Bg7 7. cxd5 0-0 8. Be2 Nbd7 9. Bf3 Nb6 10. Nge2 Bg4 11. Bxg4 Nxg4 12. a4 a5 13. 0-0 Qd6 14. Bf4 Qb4 15. Qa2 Rac8 16. Rfe1 Rfd8 17. Bg3 Nf6 18. Nf4 g5 19. Nd3 Qxd4 20. Rad1 Nfxd5 21. Ne5 Qb4 22. h4 e6 23. Nxd5 Rxd5 24. hxg5 Rc2 25. Qb1 Rcd2 26. Rxd2 Qxd2 27. b3 Qxg5 28. Qe4 Nd7 29. Nxf7 Qf5 30. Qxf5 exf5 31. Nd6 Nf6 32. f3 Rd3 33. Nxf5 Rxb3 34. Re6 Nh5 35. Be5 Bxe5 36. Rxe5 Nf4 37. Rxa5 Rb2 38. Ne7+ Kf7 39. Rf5+ Kxe7 40. Rxf4 b5 41. axb5 Rxb5 42. Rh4 h5 43. Rf4 Ke6 44. Kh2 Rb1 45. Kh3 Rh1+ 46. Kg3 Ra1 47. Rf8 Rg1 48. Rh8 Rh1 49. Kf4 Kf6 50. g4 h4 51. Rh6+ Kg7 52. Rh5 Kg6 53. Ra5 Rg1 54. Ra6+ Kg7 55. Ra2 Rh1 56. Kg5 Kf7 57. Ra7+ Ke6 58. Rh7 h3 59. Kf4 Kf6 60. Rh6+ Kg7 61. Rh5 Kg6 62. Kg3 1-0

[Event "BL2-Ost 2223"]
[Site "Germany"]
[Date "2022.10.23"]
[Round "2.2"]
[White "Nguyen, Alex Dac Vuong"]
[Black "Vykouk, Jan"]
[Result "0-1"]
[WhiteElo "2311"]
[BlackElo "2475"]
[PlyCount "70"]
[EventDate "2022.10.22"]
[EventType "team-tourn"]
[EventRounds "10"]
[EventCountry "GER"]
[SourceTitle "EXT 2024"]
[Source "ChessBase"]
[SourceDate "2023.10.10"]
[SourceVersion "1"]
[SourceVersionDate "2023.10.10"]
[SourceQuality "1"]
[WhiteTeam "Leipzig SG"]
[BlackTeam "Garching"]
[WhiteTeamCountry "GER"]
[BlackTeamCountry "GER"]

1. d4 Nf6 2. c4 e6 3. Nf3 c5 4. e3 cxd4 5. exd4 Bb4+ 6. Nc3 Ne4 7. Qc2 Qa5 8. Qxe4 Bxc3+ 9. Kd1 Bb4 10. Qg4 Bf8 11. Bd2 Qa4+ 12. b3 Qa3 13. Bc3 Nc6 14. c5 e5 15. Qe4 d5 16. cxd6 Bxd6 17. Nxe5 Bxe5 18. dxe5 Be6 19. Bd3 Qc5 20. Kc2 Qxf2+ 21. Qe2 Qb6 22. Kb2 a5 23. Rhf1 a4 24. Bc4 0-0 25. Bxe6 fxe6 26. Rxf8+ Rxf8 27. Rf1 Rxf1 28. Qxf1 axb3 29. axb3 Ne7 30. Qc4 h6 31. h4 Qf2+ 32. Ka3 Nd5 33. h5 b5 34. Qc6 b4+ 35. Bxb4 Qa2+ 0-1